[Event "Kingston Invitational 3rd"]
[Site "Kingston upon Thames"]
[Date "2024.08.13"]
[Round "3.12"]
[White "Zhao, George"]
[Black "Dignam, Matthew P"]
[Result "0-1"]
[WhiteElo "2014"]
[BlackElo "2118"]
[PlyCount "52"]
[EventDate "2024.08.12"]
[EventType "swiss"]
[EventRounds "9"]
[EventCountry "ENG"]
[SourceTitle "BritBase"]
[Source "John Saunders"]
[SourceDate "2024.08.18"]
[SourceVersion "1"]
[SourceVersionDate "2024.08.18"]
[SourceQuality "1"]

1. d4 Nf6 2. c4 g6 3. g3 Bg7 4. Nf3 O-O 5. Bg2 c5 6. O-O Na6 7. Nc3 d6 8. h3 Bd7 9. e4 cxd4 10. Nxd4 Qc8 11. b3 Bxh3 12. Bb2 Re8 13. Rc1 Nc5 14. Qc2 Qg4 15. Rfe1 Bxg2 16. Kxg2 Nh5 17. Nd5 e6 18. Nc7 Nd3 19. Nxe8 Bxd4 20. Bxd4 Nhf4+ 21. Kg1 Qf3 22. Nf6+ Kf8 23. Nxh7+ Ke7 24. gxf4 Nxf4 25. Bf6+ Ke8 26. Qd3 Qg2# 0-1

[Event "Kingston Invitational 3rd"]
[Site "Kingston upon Thames"]
[Date "2024.08.13"]
[Round "3.13"]
[White "Liu, Jack"]
[Black "Haldane, Robin W"]
[Result "1-0"]
[WhiteElo "2081"]
[BlackElo "2000"]
[PlyCount "91"]
[EventDate "2024.08.12"]
[EventType "swiss"]
[EventRounds "9"]
[EventCountry "ENG"]
[SourceTitle "BritBase"]
[Source "John Saunders"]
[SourceDate "2024.08.18"]
[SourceVersion "1"]
[SourceVersionDate "2024.08.18"]
[SourceQuality "1"]

1. e4 e5 2. Nf3 Nc6 3. Bb5 a6 4. Ba4 Nf6 5. O-O Be7 6. Re1 b5 7. Bb3 O-O 8. a4 Bb7 9. d3 h6 10. Nbd2 Re8 11. Nf1 Bf8 12. Ng3 Na5 13. Ba2 d5 14. exd5 Bxd5 15. axb5 axb5 16. Bd2 Nc6 17. Bxd5 Qxd5 18. h3 Rxa1 19. Qxa1 Bb4 20. Bc3 Bc5 21. b3 Nd4 22. Bxd4 Bxd4 23. Nxd4 exd4 24. Rxe8+ Nxe8 25. b4 Nd6 26. Qa7 Qc6 27. Qc5 Qxc5 28. bxc5 Nb7 29. Nf5 Nxc5 30. Nxd4 b4 31. f4 Kf8 32. Kf2 Ke8 33. Ke3 Kd7 34. Nf5 g5 35. Nxh6 gxf4+ 36. Kd4 b3 37. cxb3 Nxb3+ 38. Kc3 Nc5 39. Nxf7 Ke6 40. Kc4 Nd7 41. Ng5+ Kd6 42. Kd4 c5+ 43. Ke4 Nf6+ 44. Kxf4 Kd5 45. Nf3 Nh5+ 46. Kg4 1-0

[Event "Kingston Invitational 3rd"]
[Site "Kingston upon Thames"]
[Date "2024.08.13"]
[Round "3.14"]
[White "Gurner, Jem"]
[Black "Wilson, Ewan"]
[Result "1/2-1/2"]
[WhiteElo "2070"]
[BlackElo "1983"]
[PlyCount "71"]
[EventDate "2024.08.12"]
[EventType "swiss"]
[EventRounds "9"]
[EventCountry "ENG"]
[SourceTitle "BritBase"]
[Source "John Saunders"]
[SourceDate "2024.08.18"]
[SourceVersion "1"]
[SourceVersionDate "2024.08.18"]
[SourceQuality "1"]

1. e4 c5 2. Nf3 e6 3. c3 Nf6 4. e5 Nd5 5. d4 cxd4 6. cxd4 d6 7. Bc4 Nc6 8. O-O Be7 9. Qe2 O-O 10. Nc3 Nxc3 11. bxc3 dxe5 12. dxe5 Qc7 13. Bd3 b6 14. Qe4 g6 15. Bh6 Rd8 16. Rfd1 Bb7 17. Qf4 Rd5 18. Be4 Rxd1+ 19. Rxd1 Rd8 20. Rxd8+ Nxd8 21. Bxb7 Qxb7 22. h4 Qd7 23. h5 Nc6 24. Bg5 b5 25. Bxe7 Nxe7 26. Kh2 gxh5 27. Qg5+ Ng6 28. Qxh5 Qc7 29. g3 Qc5 30. Kg2 Kg7 31. Qg5 h6 32. Qf6+ Kg8 33. Qd8+ Kg7 34. Qf6+ Kg8 35. Qd8+ Kg7 36. Qf6+ 1/2-1/2

[Event "Kingston Invitational 3rd"]
[Site "Kingston upon Thames"]
[Date "2024.08.13"]
[Round "3.15"]
[White "Larkin, Vladyslav"]
[Black "Payne, Matthew J"]
[Result "1-0"]
[WhiteElo "2471"]
[BlackElo "2080"]
[PlyCount "79"]
[EventDate "2024.08.12"]
[EventType "swiss"]
[EventRounds "9"]
[EventCountry "ENG"]
[SourceTitle "BritBase"]
[Source "John Saunders"]
[SourceDate "2024.08.18"]
[SourceVersion "1"]
[SourceVersionDate "2024.08.18"]
[SourceQuality "1"]

1. d4 Nf6 2. Bf4 g6 3. e3 Bg7 4. h3 d6 5. Nd2 Nbd7 6. Ngf3 O-O 7. Bc4 b6 8. O-O Bb7 9. a4 a5 10. c3 Qe8 11. Bb5 Ba6 12. Qe2 Bxb5 13. Qxb5 Qc8 14. e4 c6 15. Qb3 Qb7 16. Rfe1 h6 17. Bh2 Ne8 18. e5 dxe5 19. Nxe5 Nxe5 20. dxe5 Nc7 21. Nc4 Nd5 22. e6 Kh7 23. exf7 Rxf7 24. Bg3 h5 25. Re4 Qa7 26. Ne3 Rd8 27. Re1 Bf6 28. Rd1 Qa8 29. h4 Kg7 30. Nxd5 Rxd5 31. Rxd5 cxd5 32. Re6 d4 33. cxd4 Bxd4 34. Qd3 Bf6 35. Rxb6 Qc8 36. Rb8 Qc1+ 37. Kh2 e6 38. Qb5 Re7 39. b3 Qc3 40. Ra8 1-0

[Event "Kingston Invitational 3rd"]
[Site "Kingston upon Thames"]
[Date "2024.08.13"]
[Round "3.16"]
[White "Large, Peter G"]
[Black "Clarke, Connor"]
[Result "1-0"]
[WhiteElo "2336"]
[BlackElo "2048"]
[PlyCount "105"]
[EventDate "2024.08.12"]
[EventType "swiss"]
[EventRounds "9"]
[EventCountry "ENG"]
[SourceTitle "BritBase"]
[Source "John Saunders"]
[SourceDate "2024.08.18"]
[SourceVersion "1"]
[SourceVersionDate "2024.08.18"]
[SourceQuality "1"]

1. Nf3 d5 2. b3 c5 3. e3 Nc6 4. Bb2 Bg4 5. Bb5 Nf6 6. h3 Bd7 7. O-O e6 8. Bxc6 Bxc6 9. Ne5 Nd7 10. f4 Nxe5 11. fxe5 Be7 12. d3 Bg5 13. Qe2 d4 14. exd4 cxd4 15. Nd2 Be3+ 16. Kh1 Qh4 17. Nf3 Qh5 18. Bc1 Bxc1 19. Raxc1 Rc8 20. Nxd4 Qxh3+ 21. Kg1 Qg3 22. Nxc6 Rxc6 23. c4 O-O 24. d4 Rd8 25. Rcd1 Qg6 26. Rf4 Rc7 27. Rg4 Qh6 28. Qe4 b5 29. Rh4 Qg6 30. Qxg6 hxg6 31. cxb5 Rd5 32. a4 Rc2 33. Rd3 f6 34. exf6 Rg5 35. f7+ Kxf7 36. Rf4+ Ke7 37. Rf2 Rc1+ 38. Kh2 Rh5+ 39. Rh3 Rxh3+ 40. Kxh3 Rd1 41. Rc2 Rd3+ 42. g3 Kd7 43. Rc6 Rxb3 44. Ra6 Rb4 45. Rxa7+ Kd6 46. Ra6+ Kd5 47. b6 Kxd4 48. a5 e5 49. Ra7 e4 50. Rd7+ Kc5 51. b7 e3 52. a6 Kc6 53. Re7 1-0

[Event "Kingston Invitational 3rd"]
[Site "Kingston upon Thames"]
[Date "2024.08.13"]
[Round "3.17"]
[White "Hasson, Peter"]
[Black "Buckley, Graeme N"]
[Result "1-0"]
[WhiteElo "1984"]
[BlackElo "2293"]
[PlyCount "109"]
[EventDate "2024.08.12"]
[EventType "swiss"]
[EventRounds "9"]
[EventCountry "ENG"]
[SourceTitle "BritBase"]
[Source "John Saunders"]
[SourceDate "2024.08.18"]
[SourceVersion "1"]
[SourceVersionDate "2024.08.18"]
[SourceQuality "1"]

1. c4 e5 2. Nc3 Nf6 3. Nf3 Nc6 4. e4 Bb4 5. d3 Bxc3+ 6. bxc3 d6 7. Be2 h6 8. O-O O-O 9. Ne1 Nh7 10. Rb1 b6 11. f4 Bd7 12. f5 a6 13. a4 Na5 14. Qc2 Qe8 15. Bd1 Nb7 16. f6 g5 17. h4 Kh8 18. hxg5 Rg8 19. Qf2 hxg5 20. Nf3 Nc5 21. Nxg5 Rxg5 22. Bxg5 Nxg5 23. Qh4+ Nh7 24. Rf3 Ne6 25. Rh3 Qg8 26. Rg3 Neg5 27. Bh5 Be6 28. Rf1 c6 29. Bg4 Qg6 30. Bf5 Bxf5 31. Rxf5 Rg8 32. Rfxg5 Qxg5 33. Rxg5 Rxg5 34. Qh3 Rg8 35. Qd7 Nxf6 36. Qxf7 Nh7 37. Qd7 Ng5 38. Kf1 Rf8+ 39. Ke2 Rf6 40. Qxc6 Ne6 41. g3 Rg6 42. Kf2 Kh7 43. Qd7+ Kh6 44. Qxd6 Nc5 45. Qf8+ Kh7 46. Qf3 Kg7 47. Ke2 Nxa4 48. Qf5 Nxc3+ 49. Kd2 Na4 50. Qxe5+ Kh7 51. Qe7+ Rg7 52. Qh4+ Kg8 53. Qd8+ Kh7 54. e5 Nc5 55. Qxb6 1-0

[Event "Kingston Invitational 3rd"]
[Site "Kingston upon Thames"]
[Date "2024.08.13"]
[Round "3.18"]
[White "Andal, Edmond"]
[Black "Frostick, Clive A"]
[Result "1/2-1/2"]
[WhiteElo "1960"]
[BlackElo "2161"]
[PlyCount "108"]
[EventDate "2024.08.12"]
[EventType "swiss"]
[EventRounds "9"]
[EventCountry "ENG"]
[SourceTitle "BritBase"]
[Source "John Saunders"]
[SourceDate "2024.08.18"]
[SourceVersion "1"]
[SourceVersionDate "2024.08.18"]
[SourceQuality "1"]

1. Nf3 d5 2. b3 e6 3. Bb2 c5 4. e3 Nc6 5. Bb5 Bd7 6. O-O Nf6 7. d4 Bd6 8. Nbd2 O-O 9. Bd3 cxd4 10. exd4 Nb4 11. Be2 Rc8 12. c3 Nc6 13. c4 b6 14. a3 Ne7 15. Bd3 Bc6 16. Re1 Ng6 17. Ne5 Bb7 18. Ndf3 Ne4 19. Nxg6 fxg6 20. Qe2 Qf6 21. c5 Bb8 22. b4 Qf4 23. Bc1 Qf5 24. Bb2 g5 25. Bxe4 dxe4 26. Nd2 Ba6 27. Qxa6 Qxf2+ 28. Kh1 Qxd2 29. Qe2 Qf4 30. g3 Qf3+ 31. Qxf3 exf3 32. Re4 e5 33. Kg1 h5 34. Kf2 exd4 35. Bxd4 g4 36. Re7 Rf7 37. Rae1 Rxe7 38. Rxe7 Kf8 39. Rb7 bxc5 40. Bxc5+ Kg8 41. Rd7 Re8 42. Bd4 Re2+ 43. Kf1 Be5 44. Bxe5 Rxe5 45. Rxa7 Re2 46. b5 Rxh2 47. Ra4 Rh1+ 48. Kf2 Rh2+ 49. Kg1 Rg2+ 50. Kf1 h4 51. gxh4 g3 52. Rg4 Rf2+ 53. Kg1 Rg2+ 54. Kf1 Rf2+ 1/2-1/2

[Event "Kingston Invitational 3rd"]
[Site "Kingston upon Thames"]
[Date "2024.08.13"]
[Round "3.19"]
[White "Pirgon, Joshua"]
[Black "Hill, Alistair"]
[Result "0-1"]
[WhiteElo "1982"]
[BlackElo "2089"]
[PlyCount "86"]
[EventDate "2024.08.12"]
[EventType "swiss"]
[EventRounds "9"]
[EventCountry "ENG"]
[SourceTitle "BritBase"]
[Source "John Saunders"]
[SourceDate "2024.08.18"]
[SourceVersion "1"]
[SourceVersionDate "2024.08.18"]
[SourceQuality "1"]

1. Nf3 Nf6 2. c4 g6 3. g3 Bg7 4. Bg2 O-O 5. O-O d6 6. Nc3 Nc6 7. d3 e5 8. Bg5 h6 9. Bd2 Be6 10. a3 a5 11. Rb1 d5 12. cxd5 Nxd5 13. Ne4 Qe7 14. Qc1 Kh7 15. Nc5 Bc8 16. Ng5+ hxg5 17. Bxd5 Nd4 18. Re1 c6 19. Bg2 g4 20. b4 a4 21. Qd1 Be6 22. Nxe6 Qxe6 23. Bc3 Nb5 24. Qc1 Rh8 25. Bb2 Kg8 26. Qc4 Qf5 27. f3 gxf3 28. exf3 Qh5 29. h3 Qg5 30. Kf2 Rd8 31. Rbd1 Qf5 32. Qg4 Qxg4 33. hxg4 e4 34. Bxg7 Kxg7 35. dxe4 Nxa3 36. Rc1 Rd4 37. Re3 Nb5 38. Rb1 Rd2+ 39. Kg1 Rhd8 40. Bf1 Rd1 41. Rxd1 Rxd1 42. Kf2 a3 43. Bxb5 a2 0-1

[Event "Kingston Invitational 3rd"]
[Site "Kingston upon Thames"]
[Date "2024.08.13"]
[Round "3.20"]
[White "Josse, Mark"]
[Black "Bharat Kumar, Balahari"]
[Result "1-0"]
[WhiteElo "2141"]
[BlackElo "2031"]
[PlyCount "69"]
[EventDate "2024.08.12"]
[EventType "swiss"]
[EventRounds "9"]
[EventCountry "ENG"]
[SourceTitle "BritBase"]
[Source "John Saunders"]
[SourceDate "2024.08.18"]
[SourceVersion "1"]
[SourceVersionDate "2024.08.18"]
[SourceQuality "1"]

1. c4 e5 2. Nc3 Nf6 3. Nf3 Nc6 4. e3 d5 5. cxd5 Nxd5 6. Bb5 Nxc3 7. bxc3 e4 8. Ne5 Bd7 9. Nxd7 Qxd7 10. Qa4 f5 11. O-O Bd6 12. c4 Be5 13. Rb1 O-O 14. f3 a6 15. Bxc6 bxc6 16. Bb2 Bd6 17. Bd4 Be7 18. fxe4 fxe4 19. h3 Qd6 20. c5 Qg6 21. Rxf8+ Rxf8 22. Qxa6 h5 23. Qe2 Kh7 24. a4 Qg5 25. a5 Bxc5 26. Bxc5 Qxc5 27. a6 Qa5 28. Rf1 Ra8 29. Qc4 Qxa6 30. Qxe4+ Kh8 31. Qg6 Qe2 32. Rf5 Qe1+ 33. Kh2 Qa1 34. Qxh5+ Kg8 35. Qf7+ 1-0

[Event "Kingston Invitational 3rd"]
[Site "Kingston upon Thames"]
[Date "2024.08.13"]
[Round "3.21"]
[White "Skettos, Nicolas"]
[Black "Verma, Shlok"]
[Result "1/2-1/2"]
[WhiteElo "1985"]
[BlackElo "2060"]
[PlyCount "45"]
[EventDate "2024.08.12"]
[EventType "swiss"]
[EventRounds "9"]
[EventCountry "ENG"]
[SourceTitle "BritBase"]
[Source "John Saunders"]
[SourceDate "2024.08.18"]
[SourceVersion "1"]
[SourceVersionDate "2024.08.18"]
[SourceQuality "1"]

1. e4 e6 2. d4 d5 3. Nd2 dxe4 4. Nxe4 Nd7 5. Nf3 Ngf6 6. Nxf6+ Nxf6 7. c3 Be7 8. Bd3 O-O 9. Qe2 c5 10. dxc5 Bxc5 11. Bg5 Be7 12. O-O Qc7 13. Rad1 b6 14. Ne5 Bb7 15. Bxf6 Bxf6 16. Nd7 Rfd8 17. Nxf6+ gxf6 18. Qh5 f5 19. Qg5+ Kh8 20. Qf6+ Kg8 21. h4 Rd5 22. Qg5+ Kh8 23. Qf6+ 1/2-1/2

[Event "Kingston Invitational 3rd"]
[Site "Kingston upon Thames"]
[Date "2024.08.13"]
[Round "3.22"]
[White "Pal, Rohan"]
[Black "Young, Daniel J"]
[Result "0-1"]
[WhiteElo "2046"]
[BlackElo "1926"]
[PlyCount "62"]
[EventDate "2024.08.12"]
[EventType "swiss"]
[EventRounds "9"]
[EventCountry "ENG"]
[SourceTitle "BritBase"]
[Source "John Saunders"]
[SourceDate "2024.08.18"]
[SourceVersion "1"]
[SourceVersionDate "2024.08.18"]
[SourceQuality "1"]

1. e4 e5 2. Bc4 Nf6 3. d3 Bc5 4. Nc3 c6 5. Nf3 d6 6. O-O Bb6 7. a3 O-O 8. Ba2 Nbd7 9. Ne2 h6 10. Ng3 Re8 11. Nh4 d5 12. Nhf5 Nf8 13. Qf3 Ng6 14. h4 Nxh4 15. Qe2 Nxf5 16. Nxf5 Bxf5 17. exf5 e4 18. dxe4 Nxe4 19. Be3 Ng3 20. Qg4 Rxe3 21. fxe3 Bxe3+ 22. Kh2 Nxf1+ 23. Rxf1 Qf6 24. c3 Re8 25. Bb1 Bg5 26. Kh1 Re3 27. Qa4 a6 28. Qb4 Qe7 29. Qg4 Bf6 30. Qf4 Re2 31. g4 Be5 0-1

[Event "Kingston Invitational 3rd"]
[Site "Kingston upon Thames"]
[Date "2024.08.14"]
[Round "4.1"]
[White "Czopor, Maciej"]
[Black "Murphy, Conor E"]
[Result "1/2-1/2"]
[WhiteElo "2364"]
[BlackElo "2460"]
[PlyCount "29"]
[EventDate "2024.08.12"]
[EventType "swiss"]
[EventRounds "9"]
[EventCountry "ENG"]
[SourceTitle "BritBase"]
[Source "John Saunders"]
[SourceDate "2024.08.18"]
[SourceVersion "1"]
[SourceVersionDate "2024.08.18"]
[SourceQuality "1"]

1. e4 e5 2. Nf3 Nc6 3. Bb5 a6 4. Ba4 Nf6 5. O-O Nxe4 6. d4 b5 7. Bb3 d5 8. dxe5 Be6 9. Qe2 Be7 10. Rd1 O-O 11. c4 bxc4 12. Bxc4 Bc5 13. Be3 Bxe3 14. Qxe3 Qb8 15. Bb3 1/2-1/2

[Event "Kingston Invitational 3rd"]
[Site "Kingston upon Thames"]
[Date "2024.08.14"]
[Round "4.2"]
[White "Venkataramanan, TS."]
[Black "Badacsonyi, Stanley"]
[Result "0-1"]
[WhiteElo "2225"]
[BlackElo "2179"]
[PlyCount "102"]
[EventDate "2024.08.12"]
[EventType "swiss"]
[EventRounds "9"]
[EventCountry "ENG"]
[SourceTitle "BritBase"]
[Source "John Saunders"]
[SourceDate "2024.08.18"]
[SourceVersion "1"]
[SourceVersionDate "2024.08.18"]
[SourceQuality "1"]

1. e4 e6 2. d4 d5 3. Nc3 Nf6 4. e5 Nfd7 5. Nce2 c5 6. c3 Nc6 7. f4 Be7 8. Nf3 O-O 9. Ng3 f6 10. a3 cxd4 11. cxd4 fxe5 12. fxe5 Qb6 13. Bd3 Rxf3 14. Qxf3 Qxd4 15. Ne2 Qh4+ 16. Qg3 Ndxe5 17. Bb1 Qxg3+ 18. hxg3 g6 19. b4 Nc4 20. O-O e5 21. Ba2 Be6 22. Bxc4 dxc4 23. Bb2 a6 24. Rad1 Bf5 25. Nc3 Bd3 26. Rfe1 b5 27. Ne4 a5 28. Nf2 e4 29. Nxe4 axb4 30. axb4 Bxb4 31. Re3 Ra2 32. Bc1 Nd4 33. Kh2 Nf5 34. Rexd3 cxd3 35. Rxd3 Be7 36. g4 Ra4 37. Nf2 Bc5 38. gxf5 Bxf2 39. Rd8+ Kf7 40. fxg6+ hxg6 41. g3 Ra6 42. Kg2 Bc5 43. Rc8 Bd6 44. Kf3 Rb6 45. Bb2 b4 46. g4 Be7 47. Rc7 Ke6 48. Ke4 Bf6 49. Rc2 b3 50. Re2 Bxb2 51. Rxb2 Rb4+ 0-1

[Event "Kingston Invitational 3rd"]
[Site "Kingston upon Thames"]
[Date "2024.08.14"]
[Round "4.3"]
[White "Eames, Robert S"]
[Black "Healey, Michael W"]
[Result "1-0"]
[WhiteElo "2145"]
[BlackElo "2130"]
[PlyCount "87"]
[EventDate "2024.08.12"]
[EventType "swiss"]
[EventRounds "9"]
[EventCountry "ENG"]
[SourceTitle "BritBase"]
[Source "John Saunders"]
[SourceDate "2024.08.18"]
[SourceVersion "1"]
[SourceVersionDate "2024.08.18"]
[SourceQuality "1"]

1. e4 c5 2. d4 cxd4 3. c3 d3 4. Bxd3 Nc6 5. c4 e5 6. Nc3 d6 7. h3 Be6 8. Nf3 Be7 9. Be3 Qd7 10. Qd2 Rc8 11. Nd5 Bd8 12. b4 f5 13. exf5 Bxf5 14. Bxf5 Qxf5 15. O-O Nf6 16. Nxf6+ Bxf6 17. b5 Ne7 18. Rac1 Rd8 19. Bxa7 O-O 20. Bb6 Rd7 21. Rfd1 Qg6 22. Qe2 Nc8 23. Be3 Rdd8 24. a4 b6 25. Qa2 Be7 26. Nh2 Qf7 27. a5 bxa5 28. b6 Bh4 29. Nf3 Bf6 30. Qxa5 Ne7 31. b7 Kh8 32. c5 e4 33. Nh2 d5 34. c6 Nxc6 35. Rxc6 Qxb7 36. Rb6 Qf7 37. Ng4 Bh4 38. g3 Qf3 39. Qe1 Be7 40. Rb7 d4 41. Rxd4 Rxd4 42. Bxd4 e3 43. Rxe7 exf2+ 44. Bxf2 1-0

[Event "Kingston Invitational 3rd"]
[Site "Kingston upon Thames"]
[Date "2024.08.14"]
[Round "4.4"]
[White "Dignam, Matthew P"]
[Black "Lim, Zhuo Ren"]
[Result "0-1"]
[WhiteElo "2118"]
[BlackElo "2278"]
[PlyCount "70"]
[EventDate "2024.08.12"]
[EventType "swiss"]
[EventRounds "9"]
[EventCountry "ENG"]
[SourceTitle "BritBase"]
[Source "John Saunders"]
[SourceDate "2024.08.18"]
[SourceVersion "1"]
[SourceVersionDate "2024.08.18"]
[SourceQuality "1"]

1. e4 c5 2. Nf3 Nc6 3. c3 Nf6 4. e5 Nd5 5. d4 cxd4 6. cxd4 d6 7. exd6 Bg4 8. dxe7 Qxe7+ 9. Be2 Bxf3 10. gxf3 g6 11. Nc3 Rd8 12. Nxd5 Rxd5 13. Be3 Bg7 14. Qb3 Rxd4 15. Bxd4 Nxd4 16. Qd3 O-O 17. Kf1 Re8 18. Re1 Qe6 19. h4 Qxa2 20. Bd1 Rxe1+ 21. Kxe1 Qxb2 22. h5 a5 23. h6 Bf8 24. Rh4 Nf5 25. Re4 Nxh6 26. Bb3 Bc5 27. Qc2 Qa1+ 28. Ke2 b6 29. Qd2 Kg7 30. Rf4 Qe5+ 31. Re4 Qf6 32. Qd5 Nf5 33. Kd3 Bxf2 34. Re5 Bc5 35. f4 Nd4 0-1

[Event "Kingston Invitational 3rd"]
[Site "Kingston upon Thames"]
[Date "2024.08.14"]
[Round "4.5"]
[White "Rushbrooke, Remy"]
[Black "Bezuidenhout, Roland"]
[Result "1/2-1/2"]
[WhiteElo "2056"]
[BlackElo "2270"]
[PlyCount "73"]
[EventDate "2024.08.12"]
[EventType "swiss"]
[EventRounds "9"]
[EventCountry "ENG"]
[SourceTitle "BritBase"]
[Source "John Saunders"]
[SourceDate "2024.08.18"]
[SourceVersion "1"]
[SourceVersionDate "2024.08.18"]
[SourceQuality "1"]

1. Nf3 Nf6 2. g3 g6 3. Bg2 Bg7 4. d4 O-O 5. O-O d6 6. c4 c5 7. dxc5 dxc5 8. Nc3 Nc6 9. Qxd8 Rxd8 10. Be3 Be6 11. Ng5 Bxc4 12. b3 Bd5 13. Nxd5 Nxd5 14. Rac1 b6 15. Bxc5 bxc5 16. Rxc5 Ncb4 17. a3 Bd4 18. Rc4 Bf6 19. Ne4 Na6 20. Nxf6+ exf6 21. Rc6 Nb6 22. Rfc1 Rab8 23. b4 Rb7 24. Rd6 Rxd6 25. Bxb7 Nb8 26. a4 Kg7 27. a5 N6d7 28. b5 Rd2 29. Bc8 Kf8 30. Rc7 Ke7 31. Rxa7 Kd8 32. Bb7 Rxe2 33. Bf3 Rb2 34. Rb7 Ra2 35. a6 Nxa6 36. bxa6 Rxa6 37. Bd5 1/2-1/2

[Event "Kingston Invitational 3rd"]
[Site "Kingston upon Thames"]
[Date "2024.08.14"]
[Round "4.6"]
[White "Browning, Alex"]
[Black "Banerjee, Supratit"]
[Result "1-0"]
[WhiteElo "2267"]
[BlackElo "2156"]
[PlyCount "51"]
[EventDate "2024.08.12"]
[EventType "swiss"]
[EventRounds "9"]
[EventCountry "ENG"]
[SourceTitle "BritBase"]
[Source "John Saunders"]
[SourceDate "2024.08.18"]
[SourceVersion "1"]
[SourceVersionDate "2024.08.18"]
[SourceQuality "1"]

1. e4 c6 2. Nc3 d5 3. Nf3 dxe4 4. Nxe4 Nf6 5. Qe2 Nxe4 6. Qxe4 Nd7 7. Bc4 Nf6 8. Ne5 e6 9. Qe2 b5 10. Bb3 Qc7 11. O-O Bd6 12. d4 O-O 13. c3 a5 14. Re1 Bb7 15. Bc2 b4 16. Qd3 Rfd8 17. Qh3 bxc3 18. bxc3 c5 19. Bg5 Be7 20. Nxf7 Bxg2 21. Nh6+ Kf8 22. Qxg2 gxh6 23. Bxh6+ Kf7 24. Qg7+ Ke8 25. Rxe6 Rd7 26. Qf8# 1-0

[Event "Kingston Invitational 3rd"]
[Site "Kingston upon Thames"]
[Date "2024.08.14"]
[Round "4.7"]
[White "Wall, Gavin"]
[Black "Liu, Jack"]
[Result "1/2-1/2"]
[WhiteElo "2258"]
[BlackElo "2081"]
[PlyCount "55"]
[EventDate "2024.08.12"]
[EventType "swiss"]
[EventRounds "9"]
[EventCountry "ENG"]
[SourceTitle "BritBase"]
[Source "John Saunders"]
[SourceDate "2024.08.18"]
[SourceVersion "1"]
[SourceVersionDate "2024.08.18"]
[SourceQuality "1"]

1. e4 c5 2. Nf3 e6 3. b3 a6 4. Bb2 d5 5. exd5 exd5 6. d4 Nc6 7. dxc5 Nf6 8. Bd3 Bxc5 9. Qe2+ Be6 10. Ng5 Qe7 11. O-O O-O-O 12. Nd2 Rhe8 13. Nxe6 fxe6 14. c4 e5 15. cxd5 Nxd5 16. Be4 Nf4 17. Qg4+ Kb8 18. Bxc6 Rxd2 19. Bxe8 Rxb2 20. Qd7 Qg5 21. g3 Rd2 22. Qxd2 Nh3+ 23. Kg2 Qxd2 24. Kxh3 Bxf2 25. Rad1 Qxa2 26. Rd8+ Ka7 27. Bf7 Qe2 28. Bc4 1/2-1/2

[Event "Kingston Invitational 3rd"]
[Site "Kingston upon Thames"]
[Date "2024.08.14"]
[Round "4.8"]
[White "Dicen, Elis Denele"]
[Black "Villiers, Thomas"]
[Result "0-1"]
[WhiteElo "2060"]
[BlackElo "2195"]
[PlyCount "158"]
[EventDate "2024.08.12"]
[EventType "swiss"]
[EventRounds "9"]
[EventCountry "ENG"]
[SourceTitle "BritBase"]
[Source "John Saunders"]
[SourceDate "2024.08.18"]
[SourceVersion "1"]
[SourceVersionDate "2024.08.18"]
[SourceQuality "1"]

1. e4 c5 2. Nf3 e6 3. c3 d5 4. exd5 Qxd5 5. d4 Nc6 6. Be3 cxd4 7. cxd4 Nf6 8. Nc3 Qa5 9. Bd3 Be7 10. O-O O-O 11. a3 Rd8 12. Qe2 Bd7 13. Rad1 Rac8 14. Bc4 Qh5 15. d5 exd5 16. Nxd5 Nxd5 17. Bxd5 Bf6 18. Rfe1 h6 19. Be4 b6 20. h3 Ne5 21. Nxe5 Qxe5 22. Bd4 Qg5 23. Bxf6 Qxf6 24. Rd2 Bc6 25. Bxc6 Qxc6 26. Rxd8+ Rxd8 27. Rd1 Re8 28. Qd3 Qc5 29. Qd7 Qe7 30. Qxe7 Rxe7 31. Kf1 Kh7 32. f3 Kg6 33. Kf2 Rc7 34. Rd2 Kf5 35. Ke3 Re7+ 36. Kf2 g6 37. Rd5+ Ke6 38. Rd2 Rc7 39. Ke3 Rc5 40. f4 h5 41. g3 h4 42. gxh4 Rh5 43. Kf3 Rxh4 44. Kg3 Rh5 45. Kg4 Rc5 46. Re2+ Kf6 47. Rd2 Rc4 48. h4 Ke6 49. Kg5 Rc5+ 50. Kg4 Rc1 51. Re2+ Kf6 52. Rd2 Rg1+ 53. Kf3 Re1 54. Rd6+ Kf5 55. Rd5+ Ke6 56. Rd2 f5 57. Rd8 Rh1 58. Kg3 Rg1+ 59. Kf3 Rg4 60. Rh8 Kd5 61. h5 Kc4 62. b4 Kb3 63. hxg6 Rxg6 64. Rf8 a6 65. Rxf5 Kxa3 66. b5 a5 67. Rd5 Kb4 68. f5 Rg1 69. Kf2 Rg5 70. Kf3 a4 71. Kf4 Rg1 72. f6 a3 73. Rd2 Rf1+ 74. Ke5 Kxb5 75. Rd5+ Kc4 76. Rd4+ Kc3 77. Ra4 Kb3 78. Ra6 b5 79. Rb6 a2 0-1

[Event "Kingston Invitational 3rd"]
[Site "Kingston upon Thames"]
[Date "2024.08.14"]
[Round "4.9"]
[White "Fellowes, Billy"]
[Black "Larkin, Vladyslav"]
[Result "0-1"]
[WhiteElo "2006"]
[BlackElo "2471"]
[PlyCount "116"]
[EventDate "2024.08.12"]
[EventType "swiss"]
[EventRounds "9"]
[EventCountry "ENG"]
[SourceTitle "BritBase"]
[Source "John Saunders"]
[SourceDate "2024.08.18"]
[SourceVersion "1"]
[SourceVersionDate "2024.08.18"]
[SourceQuality "1"]

1. e4 d6 2. Nf3 Nf6 3. d3 g6 4. g3 c5 5. Bg2 Nc6 6. c3 Bg7 7. O-O O-O 8. Nbd2 Rb8 9. a4 a6 10. h3 Ne8 11. g4 e5 12. Re1 Nc7 13. Nf1 Ne6 14. Ng3 b5 15. axb5 axb5 16. Be3 Nf4 17. Bxf4 exf4 18. Ne2 g5 19. d4 h6 20. Qd3 b4 21. Red1 Qe7 22. Ne1 bxc3 23. bxc3 cxd4 24. cxd4 Be6 25. Rdb1 Rfc8 26. Nc2 Qc7 27. Na3 Rxb1+ 28. Rxb1 Qa5 29. Rc1 Nb4 30. Rxc8+ Bxc8 31. Qc3 Ba6 32. Nc4 Qb5 33. Nxd6 Qxe2 34. Qxb4 Bf8 35. e5 f3 36. Qb3 Bxd6 37. Qxf3 Qxf3 38. Bxf3 Bb4 39. d5 Bc3 40. e6 fxe6 41. dxe6 Bc4 42. Be4 Bxe6 43. Kg2 Be5 44. Bc6 Kf7 45. Be4 Kf6 46. f3 Bf4 47. h4 Ke5 48. hxg5 hxg5 49. Bc2 Bd5 50. Kf2 Kd4 51. Ke2 Kc3 52. Ba4 Bc4+ 53. Kf2 Kd2 54. Bd7 Be3+ 55. Kg2 Ke1 56. Bc6 Bf1+ 57. Kh1 Kf2 58. f4 gxf4 0-1